| 000 | 01391nam0a2200301 i 4500 | ||
|---|---|---|---|
| 001 | RU\NLR\BIBL_A\012010658 | ||
| 005 | 20260408212343.0 | ||
| 035 | _a(NLR Aleph) 012010658 | ||
| 090 |
_a11449614 _c11449614 |
||
| 100 | _a20190515d2019 um y0rusy50 ca | ||
| 101 | 0 | _arus | |
| 102 | _aRU | ||
| 105 | _aac||z|||000zy | ||
| 200 | 1 |
_aМои невеликие культурные и географические открытия _fАлександр Ястребенецкий |
|
| 210 |
_aСанкт-Петербург _cФилателия _d2019 |
||
| 215 |
_a40 с. _cил., портр. _d21 |
||
| 316 |
_aС автогр. авт. Экз. № 02 Владимира Потапенко _5NLR |
||
| 600 | 1 |
_aЯстребенецкий _bА. Г. _f1956 _gАлександр Григорьевич _92305819 _3RU\NLR\AUTH\6601606374 |
|
| 606 |
_aПутешествия _91357398 _3RU\NLR\AUTH\66253031 |
||
| 606 |
_aКультурное наследие _xОхрана _yРоссийская Федерация _3RU\NLR\AUTH\6601657620 _92415117 |
||
| 686 | 1 | _aД8г | |
| 686 | 1 | _aТ3(2)74л60 | |
| 686 | 1 | _aЩ153(2Р=Рус)7-8Ястребенецкий | |
| 700 | 1 |
_7ca _8rus _aЯстребенецкий _bА. Г. _f1956- _gАлександр Григорьевич _9165950 _3RU\NLR\AUTH\770165997 |
|
| 942 | _cBOOK | ||
| 980 | _aNBR | ||